000 00702nam a2200205 i 4500
001 172282
003 ES-MaACL
005 20240312062553.0
008 090623s1908 sp |||| | spa d
080 _a63(460)
100 1 _aViteri Fernández, Sebastián.
_9140826
245 1 0 _aDiscurso pronunciado por D. Sebastián Viteri Fernández en el Ateneo de Madrid el 17 de enero de 1908.
260 _a[S.l. :
_bs.n.,
_c1908?] (
_eSabadell :
_fImp. J. Canals)
300 _a16 p. ;
_c21 cm.
610 2 4 _aAteneo de Madrid-
_vConferencias-
_y1900-1939
_91907
650 1 4 _aAgricultura-
_zEspaña.
_99680
710 2 _aAteneo de Madrid.
_91875
852 _aES-MaACL
_j2251-F-13
999 _c172282
_d172282